[Event "Ruhrgebiet Verbandsklasse Gruppe 3 1819"]
[Site "Nordrheinwestfalen"]
[Date "2019.02.03"]
[Round "6.1"]
[White "Kunisch, Siegfried"]
[Black "Sinnwell, Horst"]
[Result "1/2-1/2"]
[WhiteElo "2041"]
[BlackElo "2037"]
[PlyCount "41"]
[EventDate "2018.09.23"]
[EventType "team-tourn"]
[EventRounds "9"]
[EventCountry "GER"]
[SourceTitle "EXT 2022"]
[Source "ChessBase"]
[SourceDate "2021.10.06"]
[SourceVersion "1"]
[SourceVersionDate "2021.10.06"]
[SourceQuality "1"]
[WhiteTeam "Essen Listiger Bauer"]
[BlackTeam "Kirchhellen SF"]
[WhiteTeamCountry "GER"]
[BlackTeamCountry "GER"]

1. e4 e6 2. d4 d5 3. e5 c5 4. c3 Bd7 5. Nf3 Qb6 6. Na3 a6 7. Be2 Nc6 8. 0-0 cxd4 9. cxd4 Nge7 10. Nc2 Nb4 11. Ne3 Ng6 12. g3 Bb5 13. Bxb5+ Qxb5 14. Qb3 Be7 15. Bd2 Nc6 16. Qc2 0-0 17. a4 Qb6 18. Qd3 Bb4 19. Bxb4 Nxb4 20. Qb3 Rfc8 21. Rfc1 1/2-1/2

[Event "Ruhrgebiet Verbandsklasse Gruppe 3 1819"]
[Site "Nordrheinwestfalen"]
[Date "2018.10.07"]
[Round "2.1"]
[White "Sinnwell, Horst"]
[Black "Gasper, Joern"]
[Result "1/2-1/2"]
[WhiteElo "2036"]
[BlackElo "2033"]
[PlyCount "88"]
[EventDate "2018.09.23"]
[EventType "team-tourn"]
[EventRounds "9"]
[EventCountry "GER"]
[SourceTitle "EXT 2022"]
[Source "ChessBase"]
[SourceDate "2021.10.06"]
[SourceVersion "1"]
[SourceVersionDate "2021.10.06"]
[SourceQuality "1"]
[WhiteTeam "Kirchhellen SF"]
[BlackTeam "Waltrop SV"]
[WhiteTeamCountry "GER"]
[BlackTeamCountry "GER"]

1. Nf3 d5 2. c4 dxc4 3. Na3 Nc6 4. Nxc4 f6 5. d3 e5 6. g3 Be6 7. Ne3 Qd7 8. Bg2 0-0-0 9. 0-0 g5 10. Qa4 Kb8 11. Re1 Nge7 12. Bd2 Ng6 13. Bc3 Bc5 14. b4 Nxb4 15. Qxd7 Rxd7 16. Bxb4 Bxb4 17. Reb1 Bc3 18. Nxg5 fxg5 19. Rxb7+ Kc8 20. Rab1 c5 21. Nc4 Rxb7 22. Rxb7 Bxc4 23. dxc4 a5 24. Rb5 Bb4 25. a3 Bxa3 26. Rxa5 Bb4 27. Ra7 Bc3 28. Be4 Nf8 29. Bf5+ Kd8 30. Kg2 h5 31. Kf3 Rh6 32. Ra3 Bb4 33. Ra8+ Ke7 34. Ke4 Be1 35. Ra7+ Ke8 36. f3 Bc3 37. Ra3 Bb2 38. Rb3 Ba1 39. Ra3 Bb2 40. Rb3 Ba1 41. Ra3 Bd4 42. e3 Bb2 43. Rb3 Ba1 44. Ra3 Bb2 1/2-1/2

[Event "Ruhrgebiet Verbandsklasse Gruppe 2 1718"]
[Site "Germany"]
[Date "2018.04.29"]
[Round "9.1"]
[White "Freisen, Thomas"]
[Black "Sinnwell, Horst"]
[Result "1/2-1/2"]
[WhiteElo "1985"]
[BlackElo "2036"]
[PlyCount "30"]
[EventDate "2017.09.17"]
[EventType "team-tourn"]
[EventRounds "9"]
[EventCountry "GER"]
[SourceTitle "EXT 2022"]
[Source "ChessBase"]
[SourceDate "2021.10.06"]
[SourceVersion "1"]
[SourceVersionDate "2021.10.06"]
[SourceQuality "1"]
[WhiteTeam "Guennigfeld SV"]
[BlackTeam "Bochum SV II"]
[WhiteTeamCountry "GER"]
[BlackTeamCountry "GER"]

1. d4 e6 2. e4 d5 3. Nd2 dxe4 4. Nxe4 Nd7 5. Nf3 Ngf6 6. Bd3 Nxe4 7. Bxe4 Nf6 8. Bd3 c5 9. 0-0 cxd4 10. Nxd4 Bc5 11. c3 Qd5 12. Be2 a6 13. Bf3 Qd8 14. Nb3 Bd6 15. Bg5 Be7 1/2-1/2

[Event "Ruhrgebiet Verbandsliga Gruppe 2 1617"]
[Site "Germany"]
[Date "2017.03.12"]
[Round "8.3"]
[White "Pilat, Fabian"]
[Black "Sinnwell, Horst"]
[Result "1/2-1/2"]
[WhiteElo "1927"]
[BlackElo "2069"]
[PlyCount "28"]
[EventDate "2016.09.04"]
[EventType "team-tourn"]
[EventRounds "9"]
[EventCountry "GER"]
[SourceTitle "EXT 2022"]
[Source "ChessBase"]
[SourceDate "2021.10.06"]
[SourceVersion "1"]
[SourceVersionDate "2021.10.06"]
[SourceQuality "1"]
[WhiteTeam "Bochum SG III"]
[BlackTeam "Kirchhellen SF"]
[WhiteTeamCountry "GER"]
[BlackTeamCountry "GER"]

1. d4 e6 2. Nf3 d5 3. e3 Nf6 4. Bd3 Be7 5. 0-0 0-0 6. Nbd2 b6 7. b3 Bb7 8. Bb2 c5 9. Ne5 Nc6 10. a3 Rc8 11. f4 Nxe5 12. dxe5 Ne4 13. Nxe4 dxe4 14. Be2 Rc7 1/2-1/2

[Event "Ruhrgebiet Verbandsliga Gruppe 2 1617"]
[Site "Germany"]
[Date "2017.02.19"]
[Round "7.3"]
[White "Berger, Konstantin"]
[Black "Sinnwell, Horst"]
[Result "0-1"]
[WhiteElo "1980"]
[BlackElo "2069"]
[PlyCount "72"]
[EventDate "2016.09.04"]
[EventType "team-tourn"]
[EventRounds "9"]
[EventCountry "GER"]
[SourceTitle "EXT 2022"]
[Source "ChessBase"]
[SourceDate "2021.10.06"]
[SourceVersion "1"]
[SourceVersionDate "2021.10.06"]
[SourceQuality "1"]
[WhiteTeam "Essen Werden"]
[BlackTeam "Kirchhellen SF"]
[WhiteTeamCountry "GER"]
[BlackTeamCountry "GER"]

1. e4 e6 2. d4 d5 3. Nd2 dxe4 4. Nxe4 Nd7 5. Nf3 Ngf6 6. Bd3 c5 7. Qe2 Nxe4 8. Bxe4 cxd4 9. 0-0 Bc5 10. Rd1 Qb6 11. a3 a5 12. Rb1 Nf6 13. Bd3 0-0 14. Bg5 Nd5 15. Qe4 f5 16. Qh4 Bd7 17. Bc4 Bb5 18. Bxd5 exd5 19. Nxd4 h6 20. Nxb5 hxg5 21. Qa4 Bxf2+ 22. Kf1 Rad8 23. Nd4 Be3 24. Rd3 f4 25. Rbd1 Qh6 26. Nf3 g4 27. Rxe3 fxe3 28. Qxg4 Rd6 29. Kg1 e2 30. Re1 Qe3+ 31. Kh1 Qf2 32. Qg3 Qf1+ 33. Ng1 Rf2 34. h3 Rdf6 35. Qg5 Qxe1 36. Qxd5+ Rf7 0-1

[Event "Ruhrgebiet Verbandsklasse Gruppe 3 1516"]
[Site "Germany"]
[Date "2015.11.08"]
[Round "3.3"]
[White "Sinnwell, Horst"]
[Black "Berg, Dietmar2222"]
[Result "1-0"]
[WhiteElo "1995"]
[BlackElo "2089"]
[PlyCount "123"]
[EventDate "2015.09.06"]
[EventType "team-tourn"]
[EventRounds "9"]
[EventCountry "GER"]
[SourceTitle "EXT 2022"]
[Source "ChessBase"]
[SourceDate "2021.10.06"]
[SourceVersion "1"]
[SourceVersionDate "2021.10.06"]
[SourceQuality "1"]
[WhiteTeam "Kirchhellen SF"]
[BlackTeam "Mengede SG"]
[WhiteTeamCountry "GER"]
[BlackTeamCountry "GER"]

1. Nf3 Nf6 2. c4 e6 3. d4 c5 4. e3 cxd4 5. Nxd4 e5 6. Nc2 Be7 7. Nc3 0-0 8. Be2 Nc6 9. 0-0 d6 10. b3 Bf5 11. Ba3 Rc8 12. Nb4 Nxb4 13. Bxb4 Qb6 14. Ba3 Rfd8 15. Na4 Qc7 16. Rc1 h6 17. Qd2 Qd7 18. Nc3 Bf8 19. Rfd1 Qe8 20. Nd5 Qe6 21. Nxf6+ Qxf6 22. Qd5 Qe7 23. Rd2 Be6 24. Qa5 b6 25. Qa6 Qc7 26. Rcd1 f5 27. Bb4 Qc6 28. Qa3 f4 29. exf4 exf4 30. Bf3 Qc7 31. Bxd6 Bxd6 32. Rxd6 Rxd6 33. Qxd6 Qxd6 34. Rxd6 Bf5 35. Kf1 Kf8 36. h4 Ke7 37. Rd4 g5 38. Be4 Be6 39. Bd3 Kf6 40. g3 fxg3 41. fxg3 Ke5 42. Re4+ Kd6 43. hxg5 hxg5 44. Ke2 Rh8 45. Kf3 Rh2 46. Re2 Rh1 47. Ke3 Bg4 48. Rd2 Ke5 49. Be2 Bxe2 50. Rxe2 g4 51. Kd3+ Kf5 52. b4 Rb1 53. Kc3 Rf1 54. Re3 Rc1+ 55. Kd4 Rd1+ 56. Rd3 Ra1 57. a3 a5 58. bxa5 bxa5 59. Kd5 Rb1 60. c5 Rb8 61. Re3 a4 62. c6 1-0

[Event "Ruhrgebiet Verbandsliga Gruppe 1 1415"]
[Site "Germany"]
[Date "2014.11.16"]
[Round "3"]
[White "Sinnwell, Horst"]
[Black "Aulich, Marcell"]
[Result "0-1"]
[WhiteElo "1991"]
[BlackElo "2158"]
[PlyCount "32"]
[EventDate "2014.09.21"]
[EventType "team-tourn"]
[EventRounds "9"]
[EventCountry "GER"]
[SourceTitle "EXT 2022"]
[Source "ChessBase"]
[SourceDate "2021.10.06"]
[SourceVersion "1"]
[SourceVersionDate "2021.10.06"]
[SourceQuality "1"]
[WhiteTeam "Kirchhellen SF"]
[BlackTeam "Horst Emscher"]
[WhiteTeamCountry "GER"]
[BlackTeamCountry "GER"]

1. Nf3 Nf6 2. c4 g6 3. b4 Bg7 4. Bb2 0-0 5. d4 d5 6. e3 Be6 7. Nbd2 c6 8. Qc2 a5 9. b5 cxb5 10. cxb5 Nbd7 11. Bd3 Rc8 12. Qa4 Ne8 13. 0-0 Nd6 14. Rac1 Nc4 15. Bxc4 dxc4 16. Nxc4 Rxc4 0-1

[Event "Ruhrgebiet VK2 1213"]
[Site "Nordrheinwestfalen"]
[Date "2013.02.03"]
[Round "6"]
[White "Sinnwell, Horst"]
[Black "Schneider, Hans Joachim"]
[Result "1/2-1/2"]
[WhiteElo "2011"]
[BlackElo "1846"]
[PlyCount "36"]
[EventDate "2012.09.02"]
[EventType "team-tourn"]
[EventRounds "9"]
[EventCountry "GER"]
[SourceTitle "EXT 2020"]
[Source "ChessBase"]
[SourceDate "2019.10.17"]
[SourceVersion "1"]
[SourceVersionDate "2019.10.17"]
[SourceQuality "1"]
[WhiteTeam "Kirchhellen SF"]
[BlackTeam "Bottrop SV II"]
[WhiteTeamCountry "GER"]
[BlackTeamCountry "GER"]

1. Nf3 Nf6 2. c4 c5 3. b3 g6 4. Bb2 Bg7 5. e3 0-0 6. Be2 Nc6 7. 0-0 Qc7 8. d4 cxd4 9. exd4 d5 10. Nbd2 Qf4 11. Rc1 Bf5 12. c5 Ne4 13. g3 Qh6 14. Nb1 Bf6 15. Ne5 Qg7 16. f3 Ng5 17. Re1 h5 18. Na3 Ne6 1/2-1/2

[Event "Ruhrgebiet VK2 1213"]
[Site "Nordrheinwestfalen"]
[Date "2012.10.28"]
[Round "3.1"]
[White "Sinnwell, Horst"]
[Black "Daemmrich, Lars"]
[Result "1-0"]
[WhiteElo "2011"]
[BlackElo "1933"]
[PlyCount "91"]
[EventDate "2012.09.02"]
[EventType "team-tourn"]
[EventRounds "9"]
[EventCountry "GER"]
[SourceTitle "EXT 2020"]
[Source "ChessBase"]
[SourceDate "2019.10.17"]
[SourceVersion "1"]
[SourceVersionDate "2019.10.17"]
[SourceQuality "1"]
[WhiteTeam "Kirchhellen SF"]
[BlackTeam "Annen Sport Union"]
[WhiteTeamCountry "GER"]
[BlackTeamCountry "GER"]

1. Nf3 d5 2. c4 e6 3. e3 Nf6 4. d4 Be7 5. Nbd2 0-0 6. Bd3 dxc4 7. Nxc4 b6 8. 0-0 Bb7 9. b3 Nbd7 10. Bb2 Be4 11. Rc1 Rc8 12. Nce5 c5 13. Bxe4 Nxe4 14. Qd3 Ndf6 15. Rfd1 Qd5 16. Qa6 Qa8 17. Ba3 Nd5 18. dxc5 Nec3 19. Rd2 Bxc5 20. Bxc5 Rxc5 21. Qf1 Rfc8 22. Nd3 R5c7 23. Rdc2 Qb7 24. Qe1 Ne4 25. Rxc7 Rxc7 26. Nd4 Qa6 27. Rxc7 Nxc7 28. Nb4 Qa3 29. f3 Nc5 30. Qd2 Ne8 31. Nb5 Qa5 32. Nc7 Nd3 33. Qxd3 Qxb4 34. Nxe8 Qe1+ 35. Qf1 Qxe3+ 36. Kh1 Qe5 37. Qd1 g6 38. Nd6 h5 39. a4 a5 40. h3 h4 41. Nc4 Qc5 42. Qd8+ Kg7 43. Qxb6 Qd5 44. Qe3 f6 45. Qd2 Qf5 46. Nxa5 1-0

[Event "Ruhrgebiet VK3 1112"]
[Site "Nordrheinwestfalen"]
[Date "2011.11.13"]
[Round "3"]
[White "Zachos, Ingo"]
[Black "Sinnwell, Horst"]
[Result "1/2-1/2"]
[WhiteElo "1778"]
[BlackElo "2066"]
[PlyCount "113"]
[EventDate "2012.09.18"]
[EventType "team-tourn"]
[EventRounds "9"]
[EventCountry "GER"]
[SourceTitle "EXT 2020"]
[Source "ChessBase"]
[SourceDate "2019.10.17"]
[SourceVersion "1"]
[SourceVersionDate "2019.10.17"]
[SourceQuality "1"]
[WhiteTeam "Eichlinghofen SV II"]
[BlackTeam "Kirchhellen SF"]
[WhiteTeamCountry "GER"]
[BlackTeamCountry "GER"]

1. Nf3 d5 2. c4 c6 3. b3 Bg4 4. Bb2 Bxf3 5. exf3 Nf6 6. g3 dxc4 7. bxc4 e6 8. Qc2 Bc5 9. Bg2 Bd4 10. Nc3 0-0 11. 0-0 Na6 12. Ba3 Bc5 13. Bxc5 Nxc5 14. Rab1 Rb8 15. Rfd1 Qd3 16. Qxd3 Nxd3 17. Bf1 Rfd8 18. Na4 b6 19. Rb3 Ne5 20. d4 Ng6 21. Be2 Ne7 22. f4 Nf5 23. Rbd3 b5 24. Nb2 bxc4 25. Nxc4 Rb5 26. Ne5 Ne7 27. Ra3 Rb7 28. Bf3 Nfd5 29. Rc1 Rc7 30. Ra6 Kf8 31. Bxd5 Rxd5 32. Nxc6 Rd6 33. Rxa7 Rxa7 34. Nxa7 Ra6 35. Rb1 Nf5 36. Rb8+ Ke7 37. Rb7+ Kf6 38. Nb5 Rxa2 39. Rd7 h5 40. Nc3 Ra6 41. Ne4+ Kg6 42. Ng5 f6 43. Nf3 Rd6 44. Nh4+ Kh7 45. Rxd6 Nxd6 46. Kf1 Nb5 47. Nf3 Kg6 48. Ke2 Kf5 49. Ke3 Nc3 50. h3 Nd5+ 51. Kd3 g5 52. fxg5 fxg5 53. Ne5 h4 54. Ng4 Nb4+ 55. Ke3 Nc2+ 56. Kd3 Nb4+ 57. Ke3 1/2-1/2

[Event "Ruhrgebiet Verbandsliga1 1011"]
[Site "Nordrheinwestfalen"]
[Date "2011.02.27"]
[Round "7.1"]
[White "Martin, Andreas"]
[Black "Sinnwell, Horst"]
[Result "1-0"]
[WhiteElo "2190"]
[BlackElo "2081"]
[PlyCount "95"]
[EventDate "2011.09.12"]
[EventType "team-tourn"]
[EventRounds "9"]
[EventCountry "GER"]
[SourceTitle "EXT 2020"]
[Source "ChessBase"]
[SourceDate "2019.10.17"]
[SourceVersion "1"]
[SourceVersionDate "2019.10.17"]
[SourceQuality "1"]
[WhiteTeam "Muelheim SC"]
[BlackTeam "Kirchhellen SF"]
[WhiteTeamCountry "GER"]
[BlackTeamCountry "GER"]

1. d4 d5 2. c4 c6 3. Nf3 Nf6 4. Nc3 g6 5. Qa4 dxc4 6. Qxc4 Be6 7. Qd3 Bg7 8. e4 0-0 9. Be2 b5 10. 0-0 Bc4 11. Qc2 Bxe2 12. Qxe2 a6 13. e5 Nd5 14. e6 f6 15. Ne4 a5 16. h4 Na6 17. Bd2 Qc8 18. Ng3 Nac7 19. Rfe1 Ne8 20. h5 g5 21. Nf5 Nd6 22. g4 Nxf5 23. gxf5 Qc7 24. Qe4 Rfd8 25. Rac1 Ra6 26. Rc5 Qd6 27. Rec1 Rb8 28. Ne1 Bh6 29. Nd3 Rbb6 30. a3 Kg7 31. R5c2 Ra7 32. Nc5 Nf4 33. Bxf4 Qxf4 34. Qxf4 gxf4 35. Nd7 Rbb7 36. Rxc6 f3 37. R1c3 b4 38. Rxf3 bxa3 39. bxa3 Bg5 40. Nc5 Rb5 41. d5 Kh6 42. a4 Rb1+ 43. Kg2 Kxh5 44. Nd3 Kh6 45. Rg3 Rb8 46. f4 Bh4 47. Rg4 Kh5 48. Kh3 1-0

[Event "Ruhrgebiet Verbandsliga1 1011"]
[Site "Nordrheinwestfalen"]
[Date "2011.01.16"]
[Round "5"]
[White "Sinnwell, Horst"]
[Black "Koehn, Peter"]
[Result "1/2-1/2"]
[WhiteElo "2081"]
[BlackElo "2252"]
[PlyCount "94"]
[EventDate "2011.09.12"]
[EventType "team-tourn"]
[EventRounds "9"]
[EventCountry "GER"]
[SourceTitle "EXT 2020"]
[Source "ChessBase"]
[SourceDate "2019.10.17"]
[SourceVersion "1"]
[SourceVersionDate "2019.10.17"]
[SourceQuality "1"]
[WhiteTeam "Kirchhellen SF"]
[BlackTeam "Wattenscheid SV"]
[WhiteTeamCountry "GER"]
[BlackTeamCountry "GER"]

1. Nf3 Nf6 2. c4 c5 3. d4 cxd4 4. Nxd4 b6 5. Nc3 Bb7 6. b3 a6 7. e3 e6 8. Bb2 Be7 9. Be2 0-0 10. Bf3 Qc7 11. 0-0 d6 12. Rc1 Rc8 13. Rc2 Nbd7 14. Rd2 Bf8 15. Bxb7 Qxb7 16. Qf3 Ra7 17. Rfd1 Qa8 18. Qxa8 Raxa8 19. Nde2 Nc5 20. f3 Ne8 21. Ng3 b5 22. cxb5 axb5 23. b4 Na4 24. Nxa4 bxa4 25. a3 Nc7 26. Ne2 Nd5 27. Kf2 Nb6 28. Rb1 Be7 29. Bd4 Nc4 30. Ra2 Bd8 31. e4 Kf8 32. Rc1 Ne5 33. Rxc8 Rxc8 34. Bxe5 dxe5 35. Ke3 Ke7 36. Kd3 Kd7 37. Rc2 Ra8 38. Nc3 Bb6 39. b5 Kd6 40. Nb1 Bc5 41. Rc4 Rb8 42. Nc3 Bxa3 43. Rxa4 Bc5 44. Ra6+ Kd7 45. Na4 Bf2 46. b6 Kc6 47. Ra7 Rb7 1/2-1/2

[Event "Ruhrgebiet Verbandsliga1 1011"]
[Site "Nordrheinwestfalen"]
[Date "2010.11.14"]
[Round "3"]
[White "Sinnwell, Horst"]
[Black "Stohl, Igor"]
[Result "0-1"]
[WhiteElo "2081"]
[BlackElo "2474"]
[PlyCount "55"]
[EventDate "2011.09.12"]
[EventType "team-tourn"]
[EventRounds "9"]
[EventCountry "GER"]
[SourceTitle "EXT 2020"]
[Source "ChessBase"]
[SourceDate "2019.10.17"]
[SourceVersion "1"]
[SourceVersionDate "2019.10.17"]
[SourceQuality "1"]
[WhiteTeam "Kirchhellen SF"]
[BlackTeam "Hattingen"]
[WhiteTeamCountry "GER"]
[BlackTeamCountry "GER"]

1. Nf3 g6 2. d4 Bg7 3. c4 Nf6 4. b4 0-0 5. Bb2 b6 6. e3 Bb7 7. Nbd2 d6 8. Be2 Nbd7 9. 0-0 e6 10. Rc1 c5 11. a3 Rc8 12. Qb3 Qc7 13. Rfd1 Rfe8 14. dxc5 dxc5 15. Nb1 Red8 16. Nc3 Qb8 17. h3 Ne8 18. Rc2 cxb4 19. axb4 Ne5 20. Nxe5 Bxe5 21. Rcd2 Rxd2 22. Rxd2 Rd8 23. Qd1 Rxd2 24. Qxd2 Qd6 25. Qxd6 Bxd6 26. b5 Kf8 27. f4 Kg7 28. Kf2 0-1

[Event "Ruhrgebiet VK2 0910"]
[Site "Ruhrgebiet"]
[Date "2010.02.21"]
[Round "7.1"]
[White "Sinnwell, Horst"]
[Black "Wilbert, Siegfried"]
[Result "1-0"]
[WhiteElo "2048"]
[BlackElo "2127"]
[PlyCount "132"]
[EventDate "2009.09.06"]
[EventType "team"]
[EventRounds "9"]
[EventCountry "GER"]
[SourceTitle "EXT 2011"]
[Source "ChessBase"]
[SourceDate "2010.11.26"]
[SourceVersion "1"]
[SourceVersionDate "2010.11.26"]
[SourceQuality "1"]
[WhiteTeam "Kirchhellen SF"]
[BlackTeam "Buer"]
[WhiteTeamCountry "GER"]
[BlackTeamCountry "GER"]

1. Nf3 c5 2. c4 g6 3. e3 Bg7 4. Be2 e5 5. d3 Ne7 6. 0-0 Nbc6 7. Nc3 d5 8. cxd5 Nxd5 9. Qb3 Nc7 10. Nb5 Ne6 11. Bd2 0-0 12. Rac1 a6 13. Nc3 b5 14. Ne4 Qb6 15. Nxc5 Nxc5 16. Qc2 Nxd3 17. Bxd3 Bb7 18. a3 Rac8 19. Qb3 Ne7 20. e4 Nc6 21. Be3 Nd4 22. Bxd4 exd4 23. a4 Bc6 24. Rc2 Qb7 25. axb5 axb5 26. Rfc1 Bh6 27. Re1 Rfd8 28. Ne5 Be8 29. Ng4 Bg7 30. e5 Rxc2 31. Bxc2 Qe7 32. f3 h5 33. Nf2 Kh7 34. f4 f5 35. Bd1 Bh6 36. Nd3 Bc6 37. Bf3 Bxf3 38. gxf3 Qb7 39. Kf2 Bf8 40. Rc1 Kh6 41. Qe6 Qd7 42. Qa6 Be7 43. Rc6 Qe8 44. Rc7 Bh4+ 45. Ke2 Rb8 46. Qa7 Qg8 47. Qxd4 Rd8 48. Qc3 Qa2 49. Rc8 Qa6 50. Rxd8 Bxd8 51. Qc5 Kg7 52. Qd4 Be7 53. e6+ Kg8 54. Qd7 Kf8 55. Nb4 Qa4 56. Qc8+ Kg7 57. Nd5 Qb3 58. Qc3+ Qxc3 59. bxc3 Bd6 60. Kd3 g5 61. h3 gxf4 62. Kd4 Kf8 63. Nb4 Ke7 64. Kd5 Bc7 65. Nc6+ Kf6 66. h4 Bb6 1-0

[Event "Ruhrgebiet VK2 0910"]
[Site "Ruhrgebiet"]
[Date "2009.11.08"]
[Round "3.1"]
[White "Sinnwell, Horst"]
[Black "Ter Steeg, Marcus"]
[Result "1/2-1/2"]
[WhiteElo "2048"]
[BlackElo "1961"]
[PlyCount "121"]
[EventDate "2009.09.06"]
[EventType "team"]
[EventRounds "9"]
[EventCountry "GER"]
[SourceTitle "EXT 2011"]
[Source "ChessBase"]
[SourceDate "2010.11.26"]
[SourceVersion "1"]
[SourceVersionDate "2010.11.26"]
[SourceQuality "1"]
[WhiteTeam "Kirchhellen SF"]
[BlackTeam "Essen Werden"]
[WhiteTeamCountry "GER"]
[BlackTeamCountry "GER"]

1. Nf3 c5 2. c4 Nc6 3. d4 cxd4 4. Nxd4 Nf6 5. e3 d5 6. Nc3 e5 7. Nxc6 bxc6 8. cxd5 cxd5 9. Bb5+ Bd7 10. Qa4 Rb8 11. Bxd7+ Qxd7 12. Qxd7+ Kxd7 13. 0-0 Bb4 14. Na4 Rhc8 15. b3 Ke6 16. Bb2 Rc2 17. Rac1 Rbc8 18. Rxc2 Rxc2 19. Rc1 Rxc1+ 20. Bxc1 d4 21. a3 Bd6 22. Kf1 d3 23. f3 e4 24. h3 Kf5 25. Kf2 h5 26. g4+ hxg4 27. hxg4+ Kg5 28. Nc3 exf3 29. Kxf3 Be5 30. Bd2 Nxg4 31. Ne4+ Kf5 32. Nc5 Nh2+ 33. Kg2 Bd6 34. Nxd3 Ng4 35. Kf3 Nf6 36. Bb4 Bb8 37. Nf2 g5 38. e4+ Ke6 39. Bd2 Nh7 40. Kg4 f6 41. Bb4 Ke5 42. Bc5 Ke6 43. b4 a6 44. a4 Ke5 45. a5 Bd6 46. Bxd6+ Kxd6 47. Kf5 Kc6 48. Kg6 Nf8+ 49. Kxf6 Kb5 50. Kxg5 Kxb4 51. Nd3+ Kxa5 52. Kf6 Kb5 53. Ke7 Ng6+ 54. Kf7 Nh4 55. e5 Nf5 56. e6 a5 57. Kf6 Nd6 58. e7 a4 59. Ke5 Ne8 60. Kd4 a3 61. Kc3 1/2-1/2

[Event "Ruhrgebiet VL1 0708"]
[Site "Germany"]
[Date "2008.03.09"]
[Round "7.4"]
[White "Ratkovitch, Dimitri"]
[Black "Sinnwell, Horst"]
[Result "0-1"]
[WhiteElo "2087"]
[BlackElo "2018"]
[PlyCount "61"]
[EventDate "2007.09.02"]
[EventType "team"]
[EventRounds "9"]
[EventCountry "GER"]
[SourceTitle "EXT 2009"]
[Source "ChessBase"]
[SourceDate "2008.11.26"]
[SourceVersion "1"]
[SourceVersionDate "2008.11.26"]
[SourceQuality "1"]
[WhiteTeam "Bochum 31 III"]
[BlackTeam "Kirchhellen SF"]
[WhiteTeamCountry "GER"]
[BlackTeamCountry "GER"]

1. e4 e6 2. d4 d5 3. Nc3 Bb4 4. e5 c5 5. Bd2 Ne7 6. dxc5 Bxc5 7. Bd3 Bd7 8. Qg4 Ng6 9. Nf3 Qb6 10. 0-0 Bc6 11. a3 a5 12. h4 Nd7 13. h5 Ne7 14. Qxg7 Rg8 15. Qh6 Nf5 16. Bxf5 exf5 17. e6 0-0-0 18. exd7+ Rxd7 19. Ne5 d4 20. Nxc6 dxc3 21. Ne5 f6 22. Nxd7 Qc6 23. Bg5 Rxg5 24. Qxg5 fxg5 25. Nxc5 Qxc5 26. bxc3 f4 27. Rad1 Qf5 28. Rd3 g4 29. Rfd1 Qxh5 30. Rd5 Qh4 31. R1d4 0-1